| 000 | 00860cab a22002055a 4500 | ||
|---|---|---|---|
| 001 | L141821 | ||
| 008 | 071221s2007 xxk f 000 0 eng d | ||
| 035 | _a(Sirsi) u141821 | ||
| 041 | 0 | _aeng | |
| 110 | 2 |
_aFarmland Market _95484 |
|
| 245 | 0 | 0 | _aCAAV tenanted farms survey 2006 |
| 260 | _c2007 | ||
| 490 |
_aFarmland Market _v(68) Winter 2007, 35(1) |
||
| 520 | _aThe 30th annual Tenanted Farms Survey of the Central Association of Agricultural Valuers finds that there was a significant decline in activity in the let sector, and a small increase in the area of the tenanted sector. Suggests that restructuring may be performed by business contract more in future. | ||
| 590 | _aKA | ||
| 650 | 2 | 4 | _aAGRICULTURAL TENANCIES ACT 1995 |
| 651 | 4 |
_aEngland and Wales _y1543- |
|
| 690 | _aPROPERTY-RURAL AND NATURAL ASSETS-AGRICULTURAL PROPERTY | ||
| 942 | _n0 | ||
| 999 |
_c79599 _d79599 |
||